00509nam a22001697a 4500003000200000005001700002008004100019020002200060050002400082110001800106245004300124260003700167300004300204500001400247504006400261650001400325020230914092448.0230914b xxu||||| |||| 00| 0 eng d a978-1-98465-966-8 aQC 21.3 b.T47 2022 a3G E-learning aFundamentals of physicsc3G E-learning aNew York b3G E-learningcc2022. axi, 290 pages :bcol. ill. ; c26 cm.  aPhysics.  aIncludes bibliographical references, glossary, and index.  aPhysics.